| 000 | 00340nam a22001457a 4500 | ||
|---|---|---|---|
| 999 |
_c1010 _d1010 |
||
| 003 | OSt | ||
| 005 | 20170920124145.0 | ||
| 008 | 160627b xxu||||| |||| 00| 0 eng d | ||
| 040 | _cTEST | ||
| 100 |
_91236 _aBarclay, S |
||
| 245 | _aPlant Life | ||
| 250 | _a5th edition | ||
| 260 |
_aLONDON _bWORLD BOOKS INTERNATIONAL _c1990 |
||
| 300 | _aPlant Life | ||
| 942 |
_2ddc _cBK |
||